Design and performance of 3G wireless networks and wireless LANs (Record no. 8620)

000 -LEADER
fixed length control field 00647 a2200181 4500
020 ## - INTERNATIONAL STANDARD BOOK NUMBER
International Standard Book Number 0387241523
040 ## - CATALOGING SOURCE
Original cataloging agency DLC
Language of cataloging DLC
100 1# - MAIN ENTRY--PERSONAL NAME
Personal name Chuah, Moi Choo,
245 10 - TITLE STATEMENT
Title Design and performance of 3G wireless networks and wireless LANs
Statement of responsibility, etc. Mooi Choo Chuah, Qinqing Zhang.
260 ## - PUBLICATION, DISTRIBUTION, ETC.
Place of publication, distribution, etc. New York :
Name of publisher, distributor, etc. Springer,
Date of publication, distribution, etc. 2006.
300 ## - PHYSICAL DESCRIPTION
Extent 349 p. :
Other physical details ill ;
Dimensions 24 cm.
650 #0 - SUBJECT ADDED ENTRY--TOPICAL TERM
Topical term or geographic name entry element Universal Mobile Telecommunications System.
650 #0 - SUBJECT ADDED ENTRY--TOPICAL TERM
Topical term or geographic name entry element Code division multiple access.
650 #0 - SUBJECT ADDED ENTRY--TOPICAL TERM
Topical term or geographic name entry element Cellular telephone systems
General subdivision Design and construction.
650 #0 - SUBJECT ADDED ENTRY--TOPICAL TERM
Topical term or geographic name entry element Wireless LANs
General subdivision Design and construction.
700 1# - ADDED ENTRY--PERSONAL NAME
Personal name Zhang, Qinqing,
Dates associated with a name 1968-
942 ## - ADDED ENTRY ELEMENTS (KOHA)
Koha item type Book
Call number prefix 621.38456 CHU
Source of classification or shelving scheme
Holdings
Withdrawn status Lost status Damaged status Not for loan Collection code Permanent Location Current Location Shelving location Date acquired Source of acquisition Cost, normal purchase price Total Checkouts Full call number Barcode Date last seen Price effective from Koha item type
          Central Library (CL) Central Library (CL) General Stacks 03/27/2006 A&J DEF Tek Consultant 5682.41   621.38456 CHU SEECS007172 11/14/2012 01/05/2017 Book
          Central Library (CL) Central Library (CL) General Stacks 05/03/2007 Pak Book Corporation 730.62   621.38456 CHU SEECS008457 11/14/2012 01/05/2017 Book
© 2023 Central Library, National University of Sciences and Technology. All Rights Reserved.